[Event "Chigorin Memorial 25th"]
[Site "St Petersburg"]
[Date "2017.10.28"]
[Round "8"]
[White "Evdokimov, Alexey"]
[Black "Zakhartsov, Vladimir"]
[Result "0-1"]
[WhiteElo "2280"]
[BlackElo "2461"]
[PlyCount "76"]
[EventDate "2017.10.21"]
[EventType "swiss"]
[EventRounds "9"]
[EventCountry "RUS"]
[SourceTitle "CBM 181 Extra"]
[Source "ChessBase"]
[SourceDate "2017.12.12"]
[SourceVersion "1"]
[SourceVersionDate "2017.12.12"]
[SourceQuality "1"]

1. Nf3 c5 2. c4 Nf6 3. Nc3 e6 4. e4 d6 5. d4 cxd4 6. Nxd4 a6 7. Bd3 Be7 8. 0-0 Qc7 9. b3 Nbd7 10. Bb2 g5 11. Rc1 Rg8 12. Bb1 Ne5 13. Qe2 b6 14. Rfd1 Bb7 15. a4 Rd8 16. Ba3 Ng6 17. Qe1 Ng4 18. Nf3 h5 19. a5 bxa5 20. c5 dxc5 21. Rxd8+ Bxd8 22. h3 N4e5 23. Nxe5 Nxe5 24. Ne2 g4 25. Rxc5 Qb8 26. hxg4 Bb6 27. Qc3 Nxg4 28. Rxh5 Bxf2+ 29. Kh1 Qd8 30. Bc2 Nf6 31. Rh6 Nxe4 32. Qe5 Qd5 33. Qxd5 Bxd5 34. Nf4 Bb7 35. Bb2 Be3 36. Bxe4 Bxe4 37. Be5 Bxf4 38. Bxf4 Rxg2 0-1

[Event "Chigorin Memorial 25th"]
[Site "St Petersburg"]
[Date "2017.10.26"]
[Round "6"]
[White "Evdokimov, Alexey"]
[Black "Makoveev, Ilya"]
[Result "1-0"]
[WhiteElo "2280"]
[BlackElo "2041"]
[PlyCount "127"]
[EventDate "2017.10.21"]
[EventType "swiss"]
[EventRounds "9"]
[EventCountry "RUS"]
[SourceTitle "CBM 181 Extra"]
[Source "ChessBase"]
[SourceDate "2017.12.12"]
[SourceVersion "1"]
[SourceVersionDate "2017.12.12"]
[SourceQuality "1"]

1. Nf3 Nf6 2. g3 g6 3. Bg2 Bg7 4. 0-0 0-0 5. c4 d5 6. d3 c5 7. Nc3 Nc6 8. cxd5 Nxd5 9. Nxd5 Qxd5 10. Be3 Qd6 11. Rc1 Nd4 12. Bxd4 cxd4 13. Nd2 Be6 14. a3 Qb6 15. b4 a5 16. Nc4 Bxc4 17. Rxc4 axb4 18. Rxb4 Qc5 19. Qb3 Qc3 20. Rxb7 Rxa3 21. Qb1 Bf6 22. h4 h5 23. Bd5 Kg7 24. Rc1 Qd2 25. Rb2 Qa5 26. Rb5 Qa7 27. Bf3 Rc3 28. Rf1 Rfc8 29. Rb7 Qc5 30. Kg2 Rc7 31. Rb5 Qa3 32. Rb8 Rc8 33. Rb2 Qc5 34. Qa2 Ra3 35. Qd5 Qxd5 36. Bxd5 Ra5 37. Bc4 Rac5 38. Rfb1 R5c7 39. Ra2 e6 40. Kf3 Kf8 41. Ra6 Kg7 42. Rbb6 Be7 43. Ke4 Rd8 44. f4 Bf6 45. Kf3 Be7 46. Bxe6 fxe6 47. Rxe6 Kf7 48. Rxg6 Rc5 49. Rh6 Re8 50. Ra7 Kg7 51. Rd6 Kf8 52. Rxd4 Rc1 53. Rd5 Rf1+ 54. Kg2 Re1 55. Ra2 Kf7 56. Rxh5 Bf6 57. Kf2 Rh1 58. Rd5 Rh2+ 59. Kf3 Rg8 60. Ra7+ Ke6 61. e4 Bd8 62. f5+ Kf6 63. Rd6+ Ke5 64. Raa6 1-0

[Event "Vladimir op"]
[Site "Suzdal"]
[Date "2016.08.05"]
[Round "1"]
[White "Evdokimov, Alexey"]
[Black "Konaplev, Anton"]
[Result "0-1"]
[WhiteElo "2249"]
[BlackElo "2179"]
[PlyCount "90"]
[EventDate "2016.08.05"]
[EventType "tourn"]
[EventRounds "9"]
[EventCountry "RUS"]
[SourceTitle "EXT 2018"]
[Source "ChessBase"]
[SourceDate "2017.10.13"]
[SourceVersion "1"]
[SourceVersionDate "2017.10.13"]
[SourceQuality "1"]

1. Nf3 d5 2. g3 Nf6 3. Bg2 e6 4. c4 dxc4 5. Qa4+ Nbd7 6. Qxc4 a6 7. Qc2 Rb8 8. 0-0 Bd6 9. d4 b5 10. e4 Be7 11. Re1 Bb7 12. Nc3 0-0 13. Bg5 h6 14. Bxf6 Nxf6 15. Rad1 Qc8 16. Bh3 g5 17. Ne5 c5 18. d5 Qc7 19. Nxf7 Kxf7 20. Bxe6+ Kg7 21. e5 Ne8 22. d6 Nxd6 23. exd6 Bxd6 24. Nd5 Bxd5 25. Rxd5 Rf6 26. Bg4 Rbf8 27. Red1 R8f7 28. Bh5 Re7 29. b3 c4 30. bxc4 bxc4 31. Bg4 Qb6 32. Bf5 Bc5 33. Kg2 Qc6 34. g4 Bd6 35. Be4 Qc7 36. h3 c3 37. f3 Bh2 38. Kh1 Be5 39. Bf5 Rd6 40. Rxd6 Bxd6 41. Qd3 Be5 42. Rc1 a5 43. Qd5 Bf6 44. Be4 Qg3 45. Qf5 Qxh3+ 0-1

[Event "Chigorin Memorial 23rd"]
[Site "St Petersburg"]
[Date "2015.10.05"]
[Round "3"]
[White "Ngnegevo, Filipp"]
[Black "Evdokimov, Alexey"]
[Result "0-1"]
[WhiteElo "1937"]
[BlackElo "2193"]
[PlyCount "56"]
[EventDate "2015.10.03"]
[EventType "swiss"]
[EventRounds "9"]
[EventCountry "RUS"]
[SourceTitle "CBM 168 Extra"]
[Source "ChessBase"]
[SourceDate "2015.10.29"]
[SourceVersion "1"]
[SourceVersionDate "2015.10.29"]
[SourceQuality "1"]

1. e4 c5 2. Nf3 Nc6 3. d4 cxd4 4. Nxd4 g6 5. c4 Bg7 6. Nb3 Nf6 7. Nc3 d6 8. Be2 0-0 9. Be3 Be6 10. f4 Rc8 11. c5 Bxb3 12. Qxb3 dxc5 13. Qxb7 Nd4 14. e5 Nd7 15. Rd1 Nb8 16. 0-0 Nbc6 17. Qa6 e6 18. Qc4 Qa5 19. Bf3 Nf5 20. Qxc5 Nxe3 21. Qxe3 Ne7 22. Rd7 Nf5 23. Qxa7 Qb4 24. Qb7 Qxf4 25. Rxf7 Bxe5 26. Rxf8+ Rxf8 27. g3 Nxg3 28. Nd5 Ne2+ 0-1

[Event "Chigorin Memorial 23rd"]
[Site "St Petersburg"]
[Date "2015.10.04"]
[Round "2"]
[White "Evdokimov, Alexey"]
[Black "Rodin, Dmitrij"]
[Result "0-1"]
[WhiteElo "2193"]
[BlackElo "2378"]
[PlyCount "72"]
[EventDate "2015.10.03"]
[EventType "swiss"]
[EventRounds "9"]
[EventCountry "RUS"]
[SourceTitle "CBM 168 Extra"]
[Source "ChessBase"]
[SourceDate "2015.10.29"]
[SourceVersion "1"]
[SourceVersionDate "2015.10.29"]
[SourceQuality "1"]

1. Nf3 Nf6 2. g3 b6 3. Bg2 Bb7 4. c4 e6 5. 0-0 c5 6. Nc3 Be7 7. a3 0-0 8. Rb1 Nc6 9. d3 d5 10. Qa4 Qd7 11. b4 Rfd8 12. bxc5 d4 13. Na2 Bxc5 14. Nb4 h6 15. Nd2 Rac8 16. Nxc6 Bxc6 17. Bxc6 Rxc6 18. Nf3 Qb7 19. Bd2 Nd7 20. Qb5 e5 21. a4 Re6 22. Qb2 Nf6 23. Bb4 Bxb4 24. Qxb4 e4 25. Ne1 Qc7 26. Rc1 Re5 27. dxe4 Nxe4 28. Nf3 Rc5 29. Rc2 d3 30. exd3 Rxd3 31. Re1 Qc6 32. Nh4 Ng5 33. h3 Nxh3+ 34. Kh2 Ng5 35. Rc3 Nf3+ 36. Nxf3 Qxf3 0-1

[Event "Chigorin Memorial 23rd"]
[Site "St Petersburg"]
[Date "2015.10.03"]
[Round "1"]
[White "Shadunts, Kirill"]
[Black "Evdokimov, Alexey"]
[Result "0-1"]
[WhiteElo "1715"]
[BlackElo "2193"]
[PlyCount "104"]
[EventDate "2015.10.03"]
[EventType "swiss"]
[EventRounds "9"]
[EventCountry "RUS"]
[SourceTitle "CBM 168 Extra"]
[Source "ChessBase"]
[SourceDate "2015.10.29"]
[SourceVersion "1"]
[SourceVersionDate "2015.10.29"]
[SourceQuality "1"]

1. d4 Nf6 2. c4 g6 3. Nc3 Bg7 4. e4 0-0 5. f3 d6 6. Be3 e5 7. Nge2 exd4 8. Nxd4 Re8 9. Be2 c6 10. Bf2 Nh5 11. Qd2 Na6 12. 0-0 Qf6 13. Be3 Nf4 14. Nb3 Nxe2+ 15. Qxe2 Be6 16. Bd4 Qd8 17. Bxg7 Kxg7 18. Qd2 Qb6+ 19. Qd4+ Qxd4+ 20. Nxd4 Bxc4 21. Rfd1 Rad8 22. b3 Be6 23. Rac1 d5 24. Nxe6+ fxe6 25. e5 g5 26. Ne2 Nb8 27. g3 Nd7 28. f4 h6 29. Kf2 c5 30. b4 b6 31. a3 Rc8 32. h4 Kg6 33. Ke3 a5 34. b5 Kf5 35. Kf3 g4+ 36. Ke3 h5 37. Rc2 Nf8 38. Kd3 Ng6 39. Rdc1 Ne7 40. Rc3 Kg6 41. R3c2 Nf5 42. Rg1 Red8 43. Rd2 Rc7 44. Rc1 Kf7 45. Rg1 d4 46. Rc1 Kg6 47. Rb2 c4+ 48. Rxc4 Rxc4 49. Kxc4 d3 50. Nc3 Ne3+ 51. Kb3 d2 52. Rb1 d1Q+ 0-1

[Event "Vladimir op-B"]
[Site "Vladimir"]
[Date "2009.08.25"]
[Round "6"]
[White "Cyriatova, Anastasiy"]
[Black "Evdokimov, Alexey"]
[Result "0-1"]
[WhiteElo "2096"]
[BlackElo "2045"]
[PlyCount "94"]
[EventDate "2009.08.19"]
[EventType "swiss"]
[EventRounds "9"]
[EventCountry "RUS"]
[SourceTitle "EXT 2012"]
[Source "ChessBase"]
[SourceDate "2011.11.24"]
[SourceVersion "1"]
[SourceVersionDate "2011.11.24"]
[SourceQuality "1"]

1. e4 c5 2. d4 cxd4 3. c3 dxc3 4. Nxc3 Nc6 5. Nf3 d6 6. Bc4 e6 7. 0-0 Nf6 8. Qe2 Be7 9. Rd1 e5 10. Bg5 Bg4 11. Rac1 0-0 12. Nb5 a6 13. Bxf6 axb5 14. Bxe7 Qxe7 15. Bxb5 Nd4 16. Qd3 Bxf3 17. gxf3 Qg5+ 18. Kh1 Qf4 19. Rc3 Rxa2 20. Rb1 Ra5 21. Bd7 b5 22. Bg4 b4 23. Rc4 h5 24. Bxh5 Qh4 25. Bg4 Qxf2 26. Rxb4 Nc2 27. Qxd6 Nxb4 28. Qxb4 Rc5 29. Qe1 Qxe1+ 30. Rxe1 Rb8 31. Rd1 Rxb2 32. h3 g6 33. Ra1 Kg7 34. Rd1 Kh6 35. Rg1 Rcb5 36. Rg2 Rxg2 37. Kxg2 Kg5 38. Kg3 f5 39. h4+ Kf6 40. Bh3 Rb3 41. exf5 gxf5 42. Bg2 Kg6 43. Bf1 Kh5 44. Be2 f4+ 45. Kf2 Rb2 46. Kf1 Rxe2 47. Kxe2 Kxh4 0-1

[Event "Vladimir op-B"]
[Site "Vladimir"]
[Date "2009.08.20"]
[Round "2"]
[White "Zarivkina, Victorya"]
[Black "Evdokimov, Alexey"]
[Result "1-0"]
[WhiteElo "2120"]
[BlackElo "2045"]
[PlyCount "97"]
[EventDate "2009.08.19"]
[EventType "swiss"]
[EventRounds "9"]
[EventCountry "RUS"]
[SourceTitle "EXT 2012"]
[Source "ChessBase"]
[SourceDate "2011.11.24"]
[SourceVersion "1"]
[SourceVersionDate "2011.11.24"]
[SourceQuality "1"]

1. e4 c5 2. Nc3 e6 3. Nf3 Nc6 4. g3 d6 5. Bg2 g6 6. d4 cxd4 7. Nxd4 Bg7 8. Ndb5 Bf8 9. Bf4 e5 10. Be3 a6 11. Na3 Nf6 12. Bg5 Be7 13. Nc4 Nd4 14. 0-0 Be6 15. Ne3 h6 16. Bxf6 Bxf6 17. Ncd5 Bxd5 18. Nxd5 0-0 19. Qd2 Kg7 20. Rad1 Nb5 21. Nxf6 Qxf6 22. a4 Nd4 23. c3 Nf3+ 24. Bxf3 Qxf3 25. Qd3 Qxd3 26. Rxd3 Rac8 27. Rxd6 Rc4 28. f3 Rxa4 29. Rb6 Rd8 30. Rxb7 Rd2 31. Rf2 Rd3 32. Kg2 Kf6 33. Rc2 Ke6 34. c4 Rd6 35. c5 Rc6 36. b4 f5 37. exf5+ gxf5 38. Rd2 a5 39. Rh7 axb4 40. Rxh6+ Ke7 41. Rxc6 b3 42. Rb6 Rc4 43. Rb7+ Ke8 44. Rd5 Rc2+ 45. Kh3 b2 46. Rxe5+ Kd8 47. Rxf5 Kc8 48. Rb3 Kc7 49. Rf6 1-0